|
|
|
|
| LEADER |
00000cas a2200000 a 4500 |
| 001 |
vtls010300582 |
| 003 |
SK-MaSNL |
| 005 |
20260228162457.0 |
| 008 |
110810d19441944xo dr|n r 0 b0slo |
| 015 |
|
|
|a SNBDS17XX9999
|
| 040 |
|
|
|a SNK
|b slo
|c SNK
|e AACR2
|
| 041 |
0 |
|
|a slo
|
| 044 |
|
|
|a xo
|c SK
|
| 072 |
|
7 |
|a 355/359
|x Vojenstvo. Obrana krajiny. Ozbrojené sily
|2 konspekt
|
| 080 |
|
|
|a 355.425.4
|2 2011
|
| 080 |
|
|
|a 329(051)
|2 2011
|
| 080 |
|
|
|a 050
|2 2011
|
| 245 |
0 |
0 |
|a Útok
|
| 260 |
|
|
|a Harmanec
|b [s.n.]
|c 1944-1944
|
| 300 |
|
|
|a 1 zv.
|c 29 x 21 cm
|
| 310 |
|
|
|a Denne
|
| 362 |
0 |
|
|a Roč. I, č. 1 (1.9.1944)-č. 33 (9.10.1944)
|
| 500 |
|
|
|a Red.: Laco Holdoš
|
| 650 |
0 |
7 |
|a partizánske hnutie
|2 SNKPH
|9 28865
|
| 655 |
|
7 |
|a časopisy politických strán a hnutí
|2 SNKPH
|9 237919
|
| 700 |
1 |
|
|a Holdoš, Laco
|4 red
|9 271187
|
| 910 |
|
|
|a snk
|
| 999 |
|
|
|c 7933
|d 9863
|
| 952 |
|
|
|0 0
|1 0
|4 0
|7 0
|8 5
|a SNK
|b SNK
|d 2001-12-18
|i snkČSF 674/58
|l 0
|o snkČSB 1264/1/1944
|p 17A0323536
|r 2005-01-02 00:00:00
|t č. 1-33
|w 2026-02-21
|y PREZ
|
| 952 |
|
|
|0 0
|1 0
|4 0
|7 0
|a SNK
|b SNK
|d 2005-03-16
|l 0
|o snkČSB 1264/1/1944 D1
|p 17A0462653
|r 2026-02-21 21:20:45
|t č. 1-33
|w 2026-02-21
|y PREZ
|